00642nam a2200169Ia 4500008004100000020002200041041000800063082001500071100002200086245008000108260004200188300000900230500001600239650003800255999001700293952016200310220803s9999 xx 000 0 und d a978-0-470-48564-4 aeng a720.47 STU aStubbins K921791 aSustainable Design Of Research Laboratories : Planning Design And Operation aNew JerseybJohn Wiley And Sonsc2010 a300p aEnvironment aEnvironmental Architecture921792 c14295d14295 001040708Book of M Arch EAaBNCAbBNCAcT1d2011-01-14eBook Spaceg3022.00o720.47 STUpBNCA-BK-7200r2022-08-03 00:00:00v85.00w2011-01-04yRFzB007200